Zemědělská ekonomika Vědecký časopis

Guardado en:
Detalles Bibliográficos
Formato: Seriadas
Lenguaje:checo
Publicado: Praha Ústav vědeckotechnických informací pro zemědelství 1989
Etiquetas: Agregar Etiqueta
Sin Etiquetas, Sea el primero en etiquetar este registro!

MARC

LEADER 00000nas2a2200000 4500
001 s033840
005 20250730114144.5
041 0 |a cze 
044 |a CZ 
245 1 0 |a Zemědělská ekonomika  |b Vědecký časopis 
264 1 |a Praha  |b Ústav vědeckotechnických informací pro zemědelství  |c 1989 
300 |a 2 zv. 
773 0 |w eu_un_cat*s122627